Defining the PPP market (Record no. 68086)
[ view plain ]
| 000 -LEADER | |
|---|---|
| fixed length control field | 00990cam a2200217 4500 |
| 001 - CONTROL NUMBER | |
| control field | ABS64375 |
| 008 - FIXED-LENGTH DATA ELEMENTS--GENERAL INFORMATION | |
| fixed length control field | 010828n2001 000 0 eng u |
| 035 ## - SYSTEM CONTROL NUMBER | |
| System control number | (Sirsi) u114339 |
| 100 ## - MAIN ENTRY--PERSONAL NAME | |
| Personal name | McDowell, E |
| 245 ## - TITLE STATEMENT | |
| Title | Defining the PPP market |
| 260 ## - PUBLICATION, DISTRIBUTION, ETC. | |
| Date of publication, distribution, etc. | 2001 |
| 490 ## - SERIES STATEMENT | |
| Series statement | Facilities Management |
| Volume/sequential designation | 8(11) August 2001, 8-9(2) |
| 520 ## - SUMMARY, ETC. | |
| Summary, etc. | Reviews the growth of PPP in facilities management as an alternative to traditional procurement. Also looks at extent and scope of PPP projects in the UK and predicts the future of PPP within facilities management. Article based on research conducted by Turner and Townsend. Article concludes that PPP will be probably be part of a company's range of contracts in their portfolio rather than a company's sole interest. |
| 590 ## - LOCAL NOTE (RLIN) | |
| Local note | ABS |
| 650 ## - SUBJECT ADDED ENTRY--TOPICAL TERM | |
| Topical term or geographic name entry element | PUBLIC PRIVATE PARTNERSHIPS |
| 650 ## - SUBJECT ADDED ENTRY--TOPICAL TERM | |
| Topical term or geographic name entry element | Procurement-old |
| 650 ## - SUBJECT ADDED ENTRY--TOPICAL TERM | |
| Topical term or geographic name entry element | FACILITIES MANAGEMENT MARKET |
| 650 ## - SUBJECT ADDED ENTRY--TOPICAL TERM | |
| Topical term or geographic name entry element | Contracts |
| 9 (RLIN) | 6232 |
| 690 ## - LOCAL SUBJECT ADDED ENTRY--TOPICAL TERM (OCLC, RLIN) | |
| Topical term or geographic name as entry element | MANAGEMENT-FACILITIES MANAGEMENT |
| 942 ## - ADDED ENTRY ELEMENTS (KOHA) | |
| Suppress in OPAC | 0 |
| Withdrawn status | Lost status | Source of classification or shelving scheme | Damaged status | Not for loan | Home library | Current library | Shelving location | Date acquired | Total Checkouts | Full call number | Barcode | Date last seen | Copy number | Price effective from | Koha item type |
|---|---|---|---|---|---|---|---|---|---|---|---|---|---|---|---|
| Dewey Decimal Classification | London | London | Journal article | 28/08/2001 | ABS64375 | 114339-1001 | 06/08/2019 | 1 | 06/08/2019 | Journal article |